[Event "Zukertort"]
[Site "Charlesbourg CAN"]
[Date "2000.06.05"]
[Round "5"]
[White "Beaudoin, Stephane"]
[Black "Poliquin, Yvon"]
[Result "0-1"]
[WhiteElo "1989"]
[BlackElo "1901"]
[PlyCount "54"]
[GameId "2160767911716158"]
[EventDate "2000.05.08"]
[EventType "swiss"]
[EventRounds "5"]
[EventCountry "CAN"]

1. e4 e5 2. Bc4 Nf6 3. d3 c6 4. Bb3 d5 5. Nd2 Bd6 6. Ngf3 O-O 7. O-O Nbd7 8. Re1 Re8 9. c3 Qc7 10. Nf1 h6 11. Ng3 dxe4 12. dxe4 Nc5 13. Bc2 Bf8 14. Nh4 Bg4 15. f3 Be6 16. b4 Ncd7 17. Nhf5 Nb6 18. Bb3 Nc4 19. Qe2 b5 20. Bxc4 Bxc4 21. Qf2 a5 22. Rd1 axb4 23. cxb4 Bxb4 24. Nxg7 Red8 25. Bxh6 Bc3 26. N3f5 Bxa1 27. Rc1 Qa7 0-1